Výber firiem na práce v Nemecku sa má zlepšiť

Rozhodnutie ministerstva hospodárstva uzavrieť priestor na klientelizmus a korupciu pri prácach v Nemecku. Medzivládna dohoda, ktorá umožňuje slovenským firmám posielať ľudí na prácu do Nemecka bola uzavretá v r. 1996. Nemci určujú limity pre pracovné kontingenty a Slováci výber firiem, kde často do...

Ausführliche Beschreibung

Gespeichert in:
Bibliographische Detailangaben
1. Verfasser: Herdová, Marcela
Format: Buchkapitel
Sprache:Slowakisch
Schlagworte:
Tags: Tag hinzufügen
Keine Tags, Fügen Sie das erste Tag hinzu!

MARC

LEADER 00000naa a2200000 4500
001 r047336
005 20230921113603.9
041 0 |a slo 
044 |a SK 
245 1 0 |a Výber firiem na práce v Nemecku sa má zlepšiť  |c Marcela Herdová 
520 |a Rozhodnutie ministerstva hospodárstva uzavrieť priestor na klientelizmus a korupciu pri prácach v Nemecku. Medzivládna dohoda, ktorá umožňuje slovenským firmám posielať ľudí na prácu do Nemecka bola uzavretá v r. 1996. Nemci určujú limity pre pracovné kontingenty a Slováci výber firiem, kde často dochádzalo ku korupcii. 
610 2 0 |a práca v zahraničí 
610 2 0 |a firmy 
610 2 0 |a stavebníctvo 
610 2 0 |a Slovensko 
610 2 0 |a Nemecko 
610 2 0 |a korupcia 
610 2 0 |a dohody o činnosti pracovnej 
100 1 |a Herdová, Marcela